| 000 | 00630nam a2200217 a 4500 | ||
|---|---|---|---|
| 005 | 20220819131221.0 | ||
| 008 | 991125s1975 mx 000 0 spa u | ||
| 035 | _aUPN01000009050 | ||
| 049 | _aCG | ||
| 050 | 4 |
_aHV6433 E5 _bG3.2 |
|
| 100 | 1 | _aGaldós, Sebastián | |
| 245 | 1 | 0 |
_aCómo ejecutamos a Carrero Blanco / _cSebastián Galdós y Gastón Pardo. |
| 260 |
_aMéxico : _bEDAMEX, _c1975. |
||
| 300 |
_a158 p. : _bretrs. |
||
| 440 | 3 |
_aEl papalote ; _v11 |
|
| 650 | 7 |
_aActividades subversivas _2 _9148 |
|
| 650 | 4 |
_aGENOCIDIO _98099 |
|
| 650 | 4 |
_aTERRORISMO - _zESPAÑA |
|
| 700 | 1 |
_aPardo, Gastón, _ecoaut. |
|
| 905 | _aLibro | ||
| 999 |
_c9050 _d9050 |
||